000 00847nam a22002297a 4500
999 _c11713
_d11713
003 AR-CdUCM
008 190404b ||||| |||| 00| 0 spa d
040 _aMUNICIPALIDAD PROVINCIAL DEL CUSCO
_cBIBLIOTECA MUNICIPAL DEL CUSCO
082 _a323.32 /
_bM87 / 1926
100 _aMüffelmann, Leo
_929203
245 _aOrientación de la clase media /
260 _aBarcelona :
_bLabor,
_c1926.
300 _a158 páginas ;
_c18 cm.
440 _aColección labor biblioteca de iniciación cultural
_929204
505 _aContenido : Contenido y significación del moderno movimiento de la clase media -- El artesanado -- El comercio al detall ...
650 _aOrientación
_915958
650 _aClase media
_97061
650 _aSociología
_9276
700 _aSanchez Sarto, Manuel
_919644
942 _2ddc
_cLIBROS
945 _arah
_d04/04/2019